00370nam a2200121Ia 4500100002000000942000700020245004000027260002900067082001300096300000800109999001700117952011400134 aPhilips Modev.  cBK aProject management with CPM & PERT. bVan nostand rainhold co. a658.4032 a283 c32276d32276 001040708AFTaCRCEbCRCEd2023-03-17g28.00i1074l0o658.4032 pAFT766r2023-03-17v28.00w2023-03-17yBK